Devinez le Département Mystère #39 - Statistiques

Statistiques générales
  • Ce quiz a été pris 205 fois
  • Le résultat moyen est 29 sur 31
Statistiques - réponses
Type de Réponse Réponse % Correct
Lettre de l'Alphabet A
99%
Lettre Trouvée E
99%
Lettre de l'Alphabet N
99%
Lettre de l'Alphabet R
99%
Lettre Trouvée I
98%
Lettre Trouvée S
98%
Lettre de l'Alphabet D
97%
Lettre Trouvée O
97%
Lettre de l'Alphabet U
97%
Lettre de l'Alphabet H
96%
Lettre de l'Alphabet L
96%
Lettre de l'Alphabet T
96%
Lettre de l'Alphabet C
94%
Lettre de l'Alphabet G
94%
Lettre de l'Alphabet M
94%
Lettre Bien Placée E
93%
Lettre de l'Alphabet B
92%
Lettre de l'Alphabet P
92%
Lettre de l'Alphabet V
92%
Lettre de l'Alphabet J
91%
Lettre de l'Alphabet Y
91%
Lettre de l'Alphabet F
89%
Lettre Bien Placée O
89%
Lettre de l'Alphabet Q
89%
Lettre Bien Placée I
87%
Lettre de l'Alphabet K
87%
Département Mystère Oise
87%
Lettre Bien Placée S
87%
Lettre de l'Alphabet W
87%
Lettre de l'Alphabet X
87%
Lettre de l'Alphabet Z
87%
Aucun quiz correspondant
Distribution des résultats
% des personnes avec chaque résultat
Percentile par nombre de réponses
Votre historique - résultats
Vous n’avez pas pris ce quiz